[Event "EU-ch Amateur Online Final 1400/1700"]
[Site "Tornelo INT"]
[Date "2021.04.18"]
[Round "6"]
[White "Nurijanyan, Alex"]
[Black "Kassios, Dimitrios"]
[Result "0-1"]
[WhiteElo "1652"]
[BlackElo "1529"]
[PlyCount "74"]
[EventDate "2021.04.18"]
[EventType "swiss (rapid)"]
[EventRounds "9"]
[EventCountry "NET"]
[SourceTitle "EXT 2023"]
[Source "ChessBase"]
[SourceDate "2022.10.05"]
[SourceVersion "1"]
[SourceVersionDate "2022.10.05"]
[SourceQuality "1"]

1. e4 c5 2. Ne2 Nc6 3. g3 g6 4. Bg2 Bg7 5. c3 e6 6. 0-0 Nge7 7. d3 0-0 8. Be3 b6 9. Qd2 Bb7 10. Bh6 d5 11. Bxg7 Kxg7 12. f4 dxe4 13. dxe4 Qxd2 14. Nxd2 Rfd8 15. Rad1 Ba6 16. Rfe1 Rac8 17. Kf2 Bd3 18. g4 Bc2 19. Ng3 Bxd1 20. Rxd1 Rd7 21. Ke2 Rcd8 22. f5 exf5 23. exf5 Ne5 24. h3 Nc4 25. f6+ Kxf6 26. Rf1+ Kg7 27. Nxc4 b5 28. Ne5 Rd2+ 29. Kf3 f6 30. Ne4 Rxb2 31. Nxg6 Rd3+ 32. Kf4 Nxg6+ 33. Kf5 Rxg2 34. Nxf6 Ne7+ 35. Kg5 h6+ 36. Kh4 Ng6+ 37. Kh5 Rxh3# 0-1

[Event "Minsk Amateur op"]
[Site "Minsk"]
[Date "2018.06.28"]
[Round "6"]
[White "Vasiliev, Maxim"]
[Black "Nurijanyan, Alex"]
[Result "1-0"]
[WhiteElo "1879"]
[BlackElo "1675"]
[PlyCount "131"]
[EventDate "2018.06.25"]
[EventType "swiss"]
[EventRounds "9"]
[EventCountry "BLR"]
[SourceTitle "CBM 185 Extra"]
[Source "ChessBase"]
[SourceDate "2018.07.29"]
[SourceVersion "1"]
[SourceVersionDate "2018.07.29"]
[SourceQuality "1"]

1. e4 c5 2. Nf3 e6 3. d4 cxd4 4. Nxd4 Nf6 5. Nc3 d6 6. Be3 a6 7. f3 b5 8. Qd2 Nbd7 9. g4 Nb6 10. 0-0-0 Nfd7 11. h4 Bb7 12. Kb1 Rc8 13. Qf2 Rxc3 14. bxc3 Na4 15. Bd2 Qc7 16. Qe3 Be7 17. g5 Ndb6 18. Rg1 d5 19. e5 Nd7 20. h5 g6 21. Rh1 Qxe5 22. hxg6 Qxe3 23. Bxe3 Nxc3+ 24. Kc1 fxg6 25. Rd3 Ba3+ 26. Kd2 b4 27. Nxe6 Kf7 28. Nc5 Ne5 29. Bd4 Nc4+ 30. Ke1 Re8+ 31. Kf2 Bc8 32. Rxh7+ Kg8 33. Rg7+ Kf8 34. Rxg6 Nxa2 35. Nxa6 Nc1 36. Bc5+ Kf7 37. Rf6+ Kg7 38. Rxd5 Bb2 39. Bxc4 Bxf6 40. gxf6+ Kxf6 41. Nxb4 Bb7 42. Rd1 Rc8 43. Bd4+ Kf5 44. Rxc1 Rxc4 45. c3 Kf4 46. Rh1 Bxf3 47. Nd3+ Ke4 48. Ne5 Bxh1 49. Nxc4 Kd5 50. Ne3+ Kd6 51. Ng2 Kd7 52. Kg1 Bxg2 53. Kxg2 Kc6 54. Kf3 Kd5 55. Ke3 Kd6 56. c4 Kc6 57. Ke4 Kd6 58. Be3 Kc6 59. Kd4 Kd7 60. Kc5 Kc8 61. Kc6 Kd8 62. Kb7 Ke7 63. c5 Ke6 64. c6 Kd5 65. c7 Ke4 66. c8Q 1-0

[Event "Minsk Amateur op"]
[Site "Minsk"]
[Date "2018.06.27"]
[Round "4"]
[White "Bialiauski, Artsiom"]
[Black "Nurijanyan, Alex"]
[Result "1-0"]
[WhiteElo "1510"]
[BlackElo "1675"]
[PlyCount "110"]
[EventDate "2018.06.25"]
[EventType "swiss"]
[EventRounds "9"]
[EventCountry "BLR"]
[SourceTitle "CBM 185 Extra"]
[Source "ChessBase"]
[SourceDate "2018.07.29"]
[SourceVersion "1"]
[SourceVersionDate "2018.07.29"]
[SourceQuality "1"]

1. d4 Nf6 2. Bg5 Ne4 3. Bf4 c5 4. e3 Qb6 5. Nc3 Nxc3 6. bxc3 Qb2 7. Ne2 cxd4 8. exd4 d6 9. h3 Bf5 10. Qb1 Qb6 11. Ng3 Bg6 12. Qxb6 axb6 13. Kd2 Nd7 14. Bb5 f6 15. Rhb1 e5 16. Be3 Bf7 17. a4 Bd5 18. f3 Bc6 19. Bxc6 bxc6 20. dxe5 c5 21. exf6 gxf6 22. Ke2 Kd8 23. Kf2 Be7 24. Nf5 Re8 25. Ng7 Rg8 26. Ne6+ Kc8 27. Nf4 Ra6 28. Nd5 Bd8 29. f4 f5 30. Kf3 Nf6 31. Nxf6 Bxf6 32. Ra3 h5 33. Rd1 Kd7 34. Rda1 Rga8 35. Bd2 b5 36. a5 Bd8 37. g4 hxg4+ 38. hxg4 fxg4+ 39. Kxg4 Rxa5 40. Rxa5 Bxa5 41. f5 Ke7 42. Bg5+ Kf7 43. f6 Kg6 44. Rh1 Bxc3 45. Rh6+ Kf7 46. Kf5 Bxf6 47. Bxf6 Ra3 48. Rh7+ Kf8 49. Ke6 Re3+ 50. Kxd6 Re2 51. c3 Rf2 52. Be5 c4 53. Ke6 Rg2 54. Rh8+ Rg8 55. Rxg8+ Kxg8 1-0

[Event "Minsk Amateur op"]
[Site "Minsk"]
[Date "2018.06.26"]
[Round "2"]
[White "Strybuk, Artsiom I"]
[Black "Nurijanyan, Alex"]
[Result "1/2-1/2"]
[WhiteElo "2079"]
[BlackElo "1675"]
[PlyCount "177"]
[EventDate "2018.06.25"]
[EventType "swiss"]
[EventRounds "9"]
[EventCountry "BLR"]
[SourceTitle "CBM 185 Extra"]
[Source "ChessBase"]
[SourceDate "2018.07.29"]
[SourceVersion "1"]
[SourceVersionDate "2018.07.29"]
[SourceQuality "1"]

1. d4 Nf6 2. c4 c6 3. Nc3 d5 4. Nf3 dxc4 5. a4 Bf5 6. e3 e6 7. Bxc4 Bb4 8. 0-0 0-0 9. Bd2 Nbd7 10. Qb3 Qb6 11. Rac1 Rac8 12. Nb1 Bd6 13. a5 Qxb3 14. Bxb3 c5 15. Na3 Ne4 16. Ba4 Ndf6 17. Nc4 Be7 18. Rfd1 Nxd2 19. Ncxd2 Rfd8 20. Nc4 Nd5 21. Kf1 Nb4 22. Ke2 cxd4 23. exd4 Na2 24. Ra1 Nc3+ 25. bxc3 Rxc4 26. Rdc1 Rdc8 27. Kd2 Be4 28. Bd7 Rd8 29. Bb5 Rc7 30. Ke3 Bxf3 31. gxf3 Rd5 32. Bf1 Rf5 33. Ke2 Rh5 34. h3 Rb5 35. Rc2 Bf6 36. Raa2 e5 37. c4 Rb4 38. dxe5 Bxe5 39. a6 b6 40. Kd3 Rb1 41. Be2 Rh1 42. Ke4 Re7 43. Kd5 Rxh3 44. c5 bxc5 45. Rxc5 g6 46. Rb5 Rh4 47. Rb7 Rd4+ 48. Kc6 Rd6+ 49. Kc5 Rdd7 50. Kc6 Rc7+ 51. Kd5 Bf6 52. Rxc7 Rxc7 53. Kd6 Re7 54. Bc4 Re8 55. Bd5 h5 56. Kc7 h4 57. f4 Kg7 58. Kb7 Re7+ 59. Kb8 h3 60. Ra3 Bd4 61. Rxh3 Bxf2 62. Bb7 Re8+ 63. Bc8 Re4 64. Rf3 Rxf4 65. Rxf4 Bg3 66. Kxa7 Bxf4 67. Kb6 Be3+ 68. Kb5 g5 69. Kc4 Kg6 70. Kd3 Bb6 71. Ke4 Kh5 72. Kf3 Kh4 73. Bf5 Kh5 74. Bd7 Kg6 75. Kg4 Kf6 76. Bf5 Be3 77. Bc8 Bc5 78. Bd7 Ke7 79. Bc8 f6 80. Kf5 Bd4 81. Bb7 Bb6 82. Bf3 Bd4 83. Ba8 Kf7 84. Bb7 Kg7 85. Bc6 Kh6 86. a7 Bxa7 87. Kxf6 g4 88. Kf5 Bb8 89. Kxg4 1/2-1/2

[Event "Yerevan Asrian Memorial 10th"]
[Site "Yerevan"]
[Date "2017.06.24"]
[Round "4"]
[White "Nurijanyan, Alex"]
[Black "Bekbauov, Noel"]
[Result "1-0"]
[WhiteElo "1720"]
[BlackElo "1327"]
[PlyCount "36"]
[EventDate "2017.06.21"]
[EventType "swiss"]
[EventRounds "9"]
[EventCountry "ARM"]
[SourceTitle "EXT 2018"]
[Source "ChessBase"]
[SourceDate "2017.10.13"]
[SourceVersion "1"]
[SourceVersionDate "2017.10.13"]
[SourceQuality "1"]

1. b3 d5 2. Bb2 Nf6 3. e3 c5 4. f4 g6 5. Nf3 Bg7 6. Be2 0-0 7. 0-0 b6 8. d3 Bb7 9. Nbd2 Nc6 10. Ne5 d4 11. Bf3 Nd5 12. Nxc6 Bxc6 13. Bxd5 Bxd5 14. e4 Bb7 15. a3 Rc8 16. b4 e6 17. bxc5 Rxc5 18. a4 Qe7 1-0

[Event "Yerevan op 1st"]
[Site "Yerevan"]
[Date "2016.10.08"]
[Round "7"]
[White "Nurijanyan, Alex"]
[Black "Manukyan, Hayk T"]
[Result "1-0"]
[WhiteElo "1768"]
[BlackElo "1675"]
[PlyCount "49"]
[EventDate "2016.10.02"]
[EventType "swiss"]
[EventRounds "9"]
[EventCountry "ARM"]
[SourceTitle "EXT 2017"]
[Source "ChessBase"]
[SourceDate "2016.10.25"]
[SourceVersion "1"]
[SourceVersionDate "2016.10.25"]
[SourceQuality "1"]

1. e4 c5 2. Ne2 Nc6 3. Nbc3 g6 4. d4 cxd4 5. Nxd4 Bg7 6. Be3 d6 7. Bc4 Nf6 8. f3 0-0 9. Qd2 Bd7 10. 0-0-0 Rb8 11. Bb3 Na5 12. h4 h5 13. Bh6 b5 14. g4 hxg4 15. h5 e5 16. hxg6 exd4 17. Bxg7 Nxb3+ 18. axb3 fxg6 19. Bxf8 dxc3 20. Rh8+ Kf7 21. Qxd6 cxb2+ 22. Kxb2 Rb6 23. Qf4 Rc6 24. Rxd7+ Qxd7 25. Rh7+ 1-0